Traité théorique et pratique de métallurgie (Record no. 164948)

MARC details
000 -LEADER
campo de control de longitud fija 00974nam a2200205 i 4500
001 - NÚMERO DE CONTROL
campo de control 164948
003 - IDENTIFICADOR DE NÚMERO DE CONTROL
campo de control ES-MaACL
005 - FECHA Y HORA DE LA ÚLTIMA TRANSACCIÓN
campo de control 20250928121400.0
008 - DATOS DE LONGITUD FIJA--INFORMACIÓN GENERAL
campo de control de longitud fija 990528s1898 fr ad |||| | fre d
040 ## - FUENTE DE CATALOGACIÓN
Centro catalogador/agencia de origen CYL
Lengua de catalogación spa
Centro/agencia transcriptor CYL
100 1# - ENTRADA PRINCIPAL--NOMBRE DE PERSONA
Nombre de persona Schnabel, Carl.
9 (RLIN) 104539
245 10 - MENCIÓN DEL TÍTULO
Título Traité théorique et pratique de métallurgie
Resto del título : zinc, cadmium, mercure, bismuth, étain, antimoine, arsenic, nickel, cobalt, platine, aluminium /
Mención de responsabilidad, etc. par C. Schnabel; traduit de l'allemand par le Dr. L. Gautier, [avec] 373 figures dans le texte.
260 ## - PUBLICACIÓN, DISTRIBUCIÓN, ETC.
Lugar de publicación, distribución, etc. Paris :
Nombre del editor, distribuidor, etc. Librairie Polytechnique Baudry et Cie.,
Fecha de publicación, distribución, etc. 1898 (
Lugar de fabricación/manufactura Bar-le-Duc :
Fabricante Imprimerie Comte-Jacquet)
300 ## - DESCRIPCIÓN FÍSICA
Extensión 654 p. :
Otras características físicas il. ;
Dimensiones 25 cm.
500 ## - NOTA GENERAL
Nota general De la p. 649-654: catálogo de libros de metalurgia y química publicados por Baudry et Cie.
650 #7 - PUNTO DE ACCESO ADICIONAL DE MATERIA--TÉRMINO DE MATERIA
Término de materia o nombre geográfico como elemento de entrada Metalurgia
Fuente del encabezamiento o término embne
9 (RLIN) 136491
700 1# - ENTRADA AGREGADA--NOMBRE PERSONAL
Nombre de persona Gautier, Léopold-Alexandre,
Fechas asociadas al nombre 1838-19..
9 (RLIN) 56052
852 ## - LOCALIZACIÓN
Ubicación ES-MaACL
Número de control de estantería D-53
Nota libre -- Enc. tela
Holdings
Estatus retirado Estado de pérdida Estado de daño No para préstamo Colección Biblioteca de origen Biblioteca actual Ubicación en estantería Fecha de adquisición Fuente de adquisición Total de préstamos Signatura topográfica completa Código de barras Visto por última vez Precio de reemplazo Tipo de ítem Koha
        Libros del s. XIX Biblioteca del Ateneo de Madrid Biblioteca del Ateneo de Madrid Sala Valle Inclán 17/01/2008     D-53 901172914 23/02/2023 23/02/2023 Libro impreso antiguo